000 00474nam a2200169Ia 4500
999 _c1007
_d1007
003 OSt
005 20201119125013.0
008 190216s9999||||xx |||||||||||||| ||und||
040 _coclc
082 _a891.4
_bTAG/F
100 1 _aTagore, Rabindranath
_938
_d1861-1941
245 0 _aFruit Gathering /
_cRabindranath Tagore
260 _bMacmillan,
_aLondon:
_c1966.
300 _a123p
650 _aBotany
942 _cBK
_2ddc
_h891.4
_iTAG/F
_k891.4
_mTAG/F